000 00496nam a22001817a 4500
008 170330b xxu||||| |||| 00| p tur d
020 _a9789750817540
041 _atur
050 _aPL248
100 _aDağlarca, Fazıl Hüsnü
_9322
245 _aBütün Şiirleri 2
250 _a1. Baskı
260 _aİstanbul
_bYapı Kredi Yayınları
_cMart 2010
300 _a1824 sayfa
500 _aYapı Kredi Yayınları: 3070; Delta: 11
650 0 _9145
_aTürk Edebiyatı
942 _2lcc
_cBK
999 _c1221
_d1199